Les homonymes dans la langue française - lettre S - Statistiques

Statistiques générales
  • Ce quiz a été pris 171 fois
    158 depuis la dernière actualisation
  • Le résultat moyen est 40 sur 47
Statistiques - réponses
Mot Indice Homonyme % Correct
scie affirmation si
99%
se adjectif démonstratif ce
98%
sandre feu cendre
98%
sang 100 cent
98%
sale pièce salle
98%
saine acteurs scène
98%
saigneur Moyen Age seigneur
98%
saut idiot sot
98%
sain milieu sein
97%
set 7 sept
97%
serf animal cerf
96%
sil paupière cil
96%
sire abeille cire
96%
signe oiseau cygne
96%
spore exercice sport
96%
ses adjectif démonstratif ces
95%
set adjectif démonstratif cet
95%
shah animal chat
95%
sicle vélo cycle
95%
sang préposition sans
95%
sol poisson sole
95%
sain patron saint
94%
sou position sous
94%
saine rivière Seine
93%
(ils) sont vibration son
93%
set adjectif démonstratif cette
92%
sellerie légume céleri
90%
show sensation chaud
89%
saut récipient seau
87%
serf griffe serre
87%
saut cachet sceau
86%
scieur homme sieur
85%
session vente cession
83%
selle gros sel
80%
satire demi-dieu satyre
79%
step prairie steppe
79%
shah aiguille chas
77%
sciant couleur cyan
76%
saine dernier repas cène
73%
sèche encornet seiche
72%
septique dubitatif sceptique
71%
serein oiseau serin
70%
show engrais chaux
64%
serment étreinte serrement
57%
scie situé sis
52%
sou cochons soue
51%
séant ici céans
34%
Aucun quiz correspondant
Distribution des résultats
% des personnes avec chaque résultat
Percentile par nombre de réponses
Votre historique - résultats
Vous n’avez pas pris ce quiz depuis la dernière actualisation